000 00414nam a22001697a 4500
003 MACL
005 20160114150232.0
008 160114b xxu||||| |||| 00| 0 eng d
040 _cMACL
041 _aEnglish
082 _a300/MAN
100 _aMani A
_932280
245 _aDimensions Of Social Exclusion
260 _aNew Delhi
_bDiscovery Publishing House
_c2013
650 _aSocial
_932281
942 _2ddc
_cBK
999 _c52247
_d52247